Building surveys, reports and dilapidations

Saved in:
Bibliographic Details
Main Author: SEELEY, Ivor H.
Format: Book
Language:English
Published: Macmillan 1985
Tags: Add Tag
No Tags, Be the first to tag this record!

MARC

LEADER 00000nam a22000007a 4500
008 210122b ||||| |||| 00| 0 eng d
020 |a  0-333-36859-2 
100 |a SEELEY, Ivor H. 
245 |a Building surveys, reports and dilapidations 
260 |b  Macmillan  |c 1985  |h  London  |i 691351  |l TH439 .Se3 
942 |a lcc  |c BK  |e j o ifatola  |f 22/1/2021 
952 |0 0  |1 0  |2 lcc  |4 0  |6 TH0439 S E3  |7 0  |9 1438  |a HOL  |b HOL  |c QZ  |d 2021-01-22  |l 0  |o TH439 .Se3  |r 2021-01-22 00:00:00  |w 2021-01-22  |y BK 
999 |c 749  |d 749